MARC

LEADER 00000nam0a2200000 4500
001 28668
005 20231030202928.0
010 |a 5211023137 
035 |a (RuTPU)RU\TPU\book\28925 
035 |a BOOK00029000 
090 |a 28668 
100 |a 20011209d1993 k y0rusy50 ca 
101 0 |a rus 
102 |a RU 
105 |a y z 001zy 
200 1 |a Проблемы гидродинамики в гамильтоновом описании  |f В. П. Гончаров, В. И. Павлов 
210 |a Москва  |c Изд-во МГУ  |d 1993 
215 |a 196 с. 
320 |a Библиогр.: с. 189-195 (179 назв.). 
610 1 |a гидродинамика 
610 1 |a Гамильтонов формализм 
610 1 |a гидродинамические модели 
610 1 |a канонические переменные 
610 1 |a Гамильтоновы системы 
610 1 |a математические методы 
675 |a 532.5:51  |v 3 
700 1 |a Гончаров  |b В. П.  |g Виктор Петрович 
701 1 |a Павлов  |b В. И.  |g Вадим Иванович 
801 0 |a RU  |b 63413507  |c 20011209  |g PSBO 
801 2 |a RU  |b 63413507  |c 20041101  |g PSBO 
942 |c BK